Top 10 WRs of All Time - Statistics

General Stats
  • This quiz has been taken 41 times
  • The average score is 6 of 10
Answer Stats
Wide Receiver % Correct
Jerry Rice
97%
Randy Moss
89%
Calvin Johnson
87%
Terrell Owens
71%
Larry Fitzgerald
63%
Steve Largent
58%
Cris Carter
55%
Marvin Harrison
53%
Michael Irvin
53%
Don Hutson
21%
No matching quizzes found
Score Distribution
Percent of People with Each Score
Percentile by Number Answered
Your Score History
You have not taken this quiz